[Event "VI Sunway Sitges Open 2019"]
[Site "Sitges"]
[Date "2019.12.20"]
[Round "8.3"]
[White "Liang, Awonder"]
[Black "Ivanchuk, Vassily"]
[Result "1-0"]
[WhiteElo "2593"]
[BlackElo "2690"]
[Annotator "TA"]
[PlyCount "61"]
[EventDate "2019.12.13"]
[EventType "swiss"]
[EventCountry "ESP"]
[SourceTitle "playchess.com"]
[Source "ChessBase"]
[SourceQuality "1"]

{[%evp 14,61,14,10,36,0,0,0,-5,-14,4,0,0,0,0,-8,-16,-29,-25,-16,-16,-9,-16,-34,-29,-29,-19,-39,-44,-45,0,-46,-41,-66,0,0,18,27,32,32,31,29,109,102,450,422,2114,2162,1717,1633]} 1. Nf3 d6 2. d4 Nf6 3. g3 g6 4. Bg2 Bg7 5. O-O O-O 6. Re1 Nbd7 7. e4 e5 8. Nc3 b6 {B07: Pirc Defence: Miscellaneous Systems} 9. Nd5 $146 ({Predecessor:} 9. d5 a5 10. a3 Nc5 11. Bg5 Qe8 12. Bf1 Bd7 13. Nd2 Kh8 14. b4 Nb7 15. Qe2 Qc8 16. Qc4 {1-0 (45) Kuzubov,Y (2671)-Demchenko,A (2665) Konya 2019}) 9... Nxd5 10. exd5 Re8 {The position is equal.} 11. c3 a5 12. h4 Ba6 13. h5 exd4 14. h6 Rxe1+ 15. Qxe1 Bf6 16. Nxd4 Ne5 17. Be3 Qd7 18. Nc6 Nxc6 19. dxc6 Qf5 20. Rd1 Re8 21. Qd2 Qe5 22. Qc2 Qh5 23. Rd5 Re5 ({Black should try} 23... Qg4 $15) 24. Qb3 $11 Kf8 25. Rxe5 Qxe5 26. Bxb6 cxb6 27. Qxb6 Qb5 (27... Bc8 $1 $11 {keeps the balance.}) 28. Qa7 $16 {[%mdl 1024] [#] c7 is the strong threat. White has strong compensation.} Bg5 $2 {[%mdl 8192]} (28... Bc8 $16 {is tougher.}) 29. c7 $18 {White is clearly winning.} Qc5 (29... Bc8 $142 30. Qb8 Qf5) 30. Qb8+ Ke7 31. Bb7 {Accuracy: White = 55%, Black = 34%.} 1-0

[Event "VI Sunway Sitges Open 2019"]
[Site "Sitges"]
[Date "2019.12.20"]
[Round "8.4"]
[White "Santos Latasa, Jaime"]
[Black "Donchenko, Alexander"]
[Result "1/2-1/2"]
[WhiteElo "2585"]
[BlackElo "2644"]
[Annotator "TA"]
[PlyCount "60"]
[EventDate "2019.12.13"]
[EventType "swiss"]
[EventCountry "ESP"]
[SourceTitle "playchess.com"]
[Source "ChessBase"]
[SourceQuality "1"]

{[%evp 17,60,14,39,35,51,34,32,27,24,8,12,0,5,8,7,0,0,0,0,-32,14,-48,8,-32,0,-2,0,-17,0,0,0,0,0,0,3,3,5,5,5,6,8,8,8,5,12]} 1. e4 c5 2. Nf3 d6 3. d4 cxd4 4. Nxd4 Nf6 5. Nc3 a6 6. g3 e5 7. Nb3 Be7 8. Bg2 O-O 9. O-O Nbd7 10. a4 {B91: Sicilian Najdorf: 6 g3} b6 11. Re1 Bb7 12. Nd2 {White is slightly better.} Nc5 13. b3 b5 14. axb5 axb5 15. Rxa8 Qxa8 {[#]} 16. b4 $146 ({Predecessor:} 16. Nxb5 Ncxe4 17. Nxe4 Nxe4 18. c4 Rd8 {½-½ (29) Popovic,P (2570)-King,D (2475) Dortmund 1988}) 16... Na6 17. Ba3 Rc8 18. Qa1 d5 19. Nxb5 (19. Nxd5 $11 Nxd5 20. exd5) 19... Rxc2 (19... d4 $15 20. Qb2 Nc7 21. Nxc7 Rxc7) 20. Qd1 Rc8 {[%cal Rd5e4]} (20... Ra2 {seems wilder.} 21. exd5 Nxb4 22. Rxe5 Bc5 23. Re2 Rxa3 24. Nxa3 Qxa3 25. Ne4 Nxe4 26. Rxe4 Kf8) 21. exd5 {The position is equal.} Bxd5 22. Bf1 Bxb4 23. Bxb4 Nxb4 24. Rxe5 Nc6 25. Re3 Rd8 26. Nc7 Qa5 27. Nxd5 Qxd5 28. Rd3 Qe6 29. Rxd8+ Nxd8 30. Nf3 Qe7 {Accuracy: White = 53%, Black = 51%.} 1/2-1/2

[Event "VI Sunway Sitges Open 2019"]
[Site "Sitges"]
[Date "2019.12.20"]
[Round "8.5"]
[White "Narayanan.S.L"]
[Black "Svane, Rasmus"]
[Result "1/2-1/2"]
[WhiteElo "2626"]
[BlackElo "2597"]
[Annotator "TA"]
[PlyCount "165"]
[EventDate "2019.12.13"]
[EventType "swiss"]
[EventCountry "ESP"]
[SourceTitle "playchess.com"]
[Source "ChessBase"]
[SourceQuality "1"]

{[%evp 12,164,13,27,22,14,25,22,16,16,20,26,30,33,19,9,79,79,65,66,64,62,105,104,104,109,114,118,104,122,126,136,123,122,120,103,97,108,91,58,75,35,43,40,45,45,39,42,62,62,83,64,70,72,108,113,125,63,58,56,58,35,36,5,5,3,3,7,16,16,16,16,16,14,37,0,0,0,16,16,16,16,16,16,16,16,17,17,17,16,90,104,181,26,32,26,34,35,35,46,145,26,217,26,28,28,28,28,29,29,36,43,96,110,145,145,148,160,174,189,199,199,212,0,0,0,0,0,0,0,0,0,0,0,0,0,0,0,0,0,0,0,0,0,0,0,0,0,0,0,0,0,0,0,0]} 1. d4 Nf6 2. c4 e6 3. Nf3 d5 4. Nc3 Be7 5. Bf4 O-O 6. e3 b6 7. Be2 dxc4 {D37: Queen's Gambit Declined: 5 Bf4} 8. Bxc4 Ba6 9. Qe2 (9. Bxa6 Nxa6 10. Qe2 Qc8 11. O-O Qb7 12. a3 c5 13. Nb5 Rac8 14. b4 Nd5 15. bxc5 bxc5 {1-0 (57) Ding,L (2805)-Caruana,F (2818) Saint Louis 2019}) 9... Bxc4 10. Qxc4 c5 11. dxc5 Bxc5 12. O-O Qc8 13. Rac1 (13. Rad1 {is more complex.} Nbd7 14. Qe2 Rd8 15. e4 Bb4 16. Nb5) 13... Qa6 (13... Nbd7 $11 {remains equal.}) 14. Qxa6 $146 ({Predecessor:} 14. Ne4 Qxc4 15. Nxf6+ gxf6 16. Rxc4 {1-0 (46) Hercog,N (2031)-Mihelic,V (1814) Radenci 2019}) 14... Nxa6 15. a3 Nb8 16. Rfd1 Nbd7 17. b4 Be7 18. g4 $1 {[%cal Rg4g5]} h6 19. h4 $1 Rfd8 20. g5 hxg5 21. hxg5 Ne8 22. Nd4 $1 {[%cal Rd4c6]} Nb8 23. Ncb5 a5 24. bxa5 bxa5 25. a4 Na6 26. g6 Nc5 27. gxf7+ Kxf7 28. Rc4 Rd5 29. Nc3 Rd7 30. Rb1 Nd3 31. Bg3 Bf6 32. Nf3 Nd6 33. Bxd6 Rxd6 34. Rb7+ (34. Ne4 $1 $16 {[%cal Re4d6]} Rd7 35. Rb5) 34... Kg6 $1 $14 35. Ne4 Rdd8 36. Nxf6 gxf6 37. Rb6 Rac8 $132 {[%mdl 2048] Black puts up resistance} 38. Rg4+ Kf5 39. Rg7 Rc1+ (39... Ke4 {keeps more tension.} 40. Kg2 Nc5 41. Rg4+ Kd3 42. Rb5 Rg8) 40. Kg2 Ne1+ 41. Nxe1 Rxe1 $11 {[%mdl 4096] Endgame KRR-KRR} 42. Ra6 Rd5 43. Re7 Re5 44. Rea7 Ra1 45. Rxa5 Rxa5 46. Rxa5+ {KR-KR} e5 47. Kf3 Ra2 48. Ra8 {next a5 is good for White.} Kg6 49. a5 Ra4 50. a6 Kg7 (50... Kf5 $1 $11) 51. Kg3 $16 {Hoping for a7.} Kg6 {[#]} 52. a7 $2 (52. e4 $1 $18 {[%mdl 512]}) 52... Kg7 $1 $11 53. Kf3 {Strongly threatening Ke2.} Ra2 54. Ke4 Ra5 55. Kf5 Ra6 56. f3 ({White should play} 56. f4 $16 Ra5 57. fxe5 Rxe5+ 58. Kg4) 56... Ra3 $2 {[#]} (56... Ra4 $1 $11 57. Ke6 Ra5) 57. Ke6 $2 (57. f4 $1 $18 {[%cal Rf4e5]} exf4 58. Kxf4) 57... Ra6+ 58. Kd7 Ra3 59. Ke8 {Threatens to win with Kd7.} Kg8 60. Kd8 {Kd7+ is the strong threat.} Ra1 61. Kc8 {Black must now prevent Kb7+.} Kg7 {[#]} (61... Kh7 $14 62. Kb7 Rb1+ 63. Kc8 Ra1) 62. Kc7 $1 $16 {[%cal Rc7b6] And now Kb6 would win.} Ra2 63. Kb6 Rb2+ 64. Kc6 Rc2+ 65. Kd6 {White threatens Re8 and mate.} Rd2+ 66. Ke6 {Intending Rc8 and mate.} Ra2 67. Rd8 $2 (67. Kd5 $18) 67... Rxa7 $11 {The position is equal.} 68. Rd7+ Rxd7 69. Kxd7 {KPP-KPP} Kh7 70. Ke8 Kg8 71. Ke7 Kg7 72. Kd6 Kh6 73. Ke6 Kg6 74. f4 exf4 75. exf4 {KP-KP} f5 76. Ke5 Kg7 77. Kxf5 {KP-K} Kf7 78. Ke5 Ke7 79. f5 Kf7 80. f6 Kf8 81. Ke6 Ke8 82. f7+ Kf8 83. Kf6 {Accuracy: White = 56%, Black = 68%.} 1/2-1/2

[Event "VI Sunway Sitges Open 2019"]
[Site "Sitges"]
[Date "2019.12.20"]
[Round "8.6"]
[White "Wagner, Dennis"]
[Black "Heimann, Andreas"]
[Result "1/2-1/2"]
[WhiteElo "2578"]
[BlackElo "2617"]
[Annotator "TA"]
[PlyCount "60"]
[EventDate "2019.12.13"]
[EventType "swiss"]
[EventCountry "ESP"]
[SourceTitle "playchess.com"]
[Source "ChessBase"]
[SourceQuality "1"]

{[%evp 12,60,25,19,26,20,38,25,22,20,20,14,25,17,34,14,18,0,14,0,0,0,2,0,41,22,39,6,8,13,8,0,0,5,0,5,5,-33,0,-5,0,0,0,0,4,-10,-4,-6,-10,-5,-6]} 1. d4 d5 2. c4 e6 3. Nf3 Nf6 4. Nc3 Be7 5. Bf4 O-O 6. e3 b6 7. Bd3 dxc4 {D37: Queen's Gambit Declined: 5 Bf4} 8. Bxc4 Ba6 9. Bxa6 (9. Qb3 {feels hotter.} Bb7 10. O-O Nc6 11. Be2 Bd6 12. Bg3) 9... Nxa6 {White has an edge.} 10. Qe2 Qc8 11. O-O c5 (11... Qb7 12. a3 c5 13. Nb5 Rac8 14. b4 Nd5 15. bxc5 bxc5 {1-0 (57) Ding,L (2805)-Caruana,F (2818) Saint Louis 2019}) 12. e4 cxd4 13. Nxd4 Rd8 14. Rfd1 $146 ({Predecessor:} 14. Ndb5 Qb7 {½-½ (57) Galliamova,A (2450)-Ovod,E (2362) Novosibirsk 2016}) 14... Qb7 15. Ndb5 Nc5 {[%cal Rc5e4]} 16. e5 Nfe4 17. Nxe4 Rxd1+ 18. Rxd1 Nxe4 19. Qf3 {[#] Black must now prevent Nc3.} Rd8 20. Rxd8+ Bxd8 21. a4 a6 22. Nc3 {Hoping for Qd3.} Nc5 {With the idea ...Qxf3.} 23. Qxb7 Nxb7 $11 {[%mdl 4096] Endgame KBN-KBN} 24. Kf1 Na5 25. Bc1 {The position is equal.} g5 26. Ne4 Nc4 27. b3 Na5 28. Nd2 Bc7 29. Bb2 Kg7 30. g4 Kg6 {Accuracy: White = 50%, Black = 58%.} 1/2-1/2

[Event "VI Sunway Sitges Open 2019"]
[Site "Sitges"]
[Date "2019.12.20"]
[Round "8.7"]
[White "Nasuta, Grzegorz"]
[Black "Salgado Lopez, Ivan"]
[Result "1-0"]
[WhiteElo "2545"]
[BlackElo "2605"]
[Annotator "ChessBase"]
[PlyCount "115"]
[EventDate "2019.12.13"]
[EventType "swiss"]
[EventCountry "ESP"]
[SourceTitle "playchess.com"]
[Source "ChessBase"]
[SourceQuality "1"]
[TimeControl "40/5400+30:1800+30"]

1. e4 {[%emt 0:00:00]} c5 {[%emt 0:00:00]} 2. Nf3 {[%emt 0:00:00]} Nc6 {[%emt 0:00:05]} 3. d4 {[%emt 0:00:00]} cxd4 {[%emt 0:00:47]} 4. Nxd4 {[%emt 0:00:03]} e5 {[%emt 0:00:52]} 5. Nb5 {[%emt 0:01:17]} d6 {[%emt 0:00:08]} 6. c4 {[%emt 0:08:55]} g6 {[%emt 0:02:49]} 7. N1c3 {[%emt 0:04:40]} a6 {[%emt 0:00:29]} 8. Na3 {[%emt 0:00:05]} Bg7 {[%emt 0:00:39]} 9. Be3 {[%emt 0:25:45]} Nge7 {[%emt 0:00:55]} 10. Nc2 {[%emt 0:08:15]} O-O {[%emt 0:02:35]} 11. Be2 {[%emt 0:00:47]} Be6 {[%emt 0:04:47]} 12. Nd5 {[%emt 0:07:17]} Rb8 {[%emt 0:00:55]} 13. O-O {[%emt 0:03:51]} f5 {[%emt 0:02:24]} 14. exf5 {[%emt 0:03:27]} gxf5 {[%emt 0:00:31]} 15. f4 {[%emt 0:03:48]} e4 {[%emt 0:04:15]} 16. Bb6 {[%emt 0:04:43]} Qd7 {[%emt 0:01:42]} 17. Qd2 {[%emt 0:08:28]} Bxb2 {[%emt 0:06:53]} 18. Rad1 {[%emt 0:09:29]} Nc8 {[%emt 0:04:23]} 19. Nd4 {[%emt 0:02:17]} Bxd4+ {[%emt 0:19:55]} 20. Bxd4 {[%emt 0:00:02]} Bxd5 {[%emt 0:00:20]} 21. cxd5 {[%emt 0:00:58]} Nxd4 {[%emt 0:00:10]} 22. Qxd4 {[%emt 0:00:05]} Qg7 {[%emt 0:00:59]} 23. Qb4 {[%emt 0:01:23]} Qc7 {[%emt 0:06:30]} 24. Rb1 {[%emt 0:00:42]} b5 {[%emt 0:03:03]} 25. Rb3 {[%emt 0:04:38]} Rf6 {[%emt 0:05:30]} 26. Kh1 {[%emt 0:01:28]} Ne7 {[%emt 0:05:51]} 27. a4 {[%emt 0:00:36]} Qc2 {[%emt 0:04:58]} 28. Rb2 {[%emt 0:00:23]} Nxd5 {[%emt 0:07:14]} 29. Qa3 {[%emt 0:00:35]} Qc3 {[%emt 0:04:18]} 30. Qa2 {[%emt 0:00:27]} Kh8 {[%emt 0:00:44]} 31. axb5 {[%emt 0:00:08]} Ne3 {[%emt 0:02:33]} 32. Rb3 {[%emt 0:00:39]} Qc5 {[%emt 0:00:54]} 33. Qa1 {[%emt 0:00:17]} Kg7 {[%emt 0:01:46]} 34. Rc1 {[%emt 0:00:21]} Qb6 {[%emt 0:00:18]} 35. Rc6 {[%emt 0:00:50]} Qxc6 {[%emt 0:00:19]} 36. bxc6 {[%emt 0:00:04]} Rxb3 {[%emt 0:00:07]} 37. c7 {[%emt 0:01:13]} Nc2 {[%emt 0:01:43]} 38. c8=Q {[%emt 0:00:30]} Nxa1 {[%emt 0:00:40]} 39. Qc1 {[%emt 0:00:04]} d5 {[%emt 0:02:02]} 40. Qxa1 {[%emt 0:00:00]} d4 {[%emt 0:00:00]} 41. Qxd4 {[%emt 0:16:00]} Rb1+ {[%emt 0:01:29]} 42. Bd1 {[%emt 0:00:03]} e3 {[%emt 0:01:47]} 43. Qd3 {[%emt 0:01:12]} Rc1 {[%emt 0:03:55]} 44. g4 {[%emt 0:12:18]} fxg4 {[%emt 0:03:17]} 45. Kg2 {[%emt 0:00:02]} Rxd1 {[%emt 0:01:03]} 46. Qxd1 {[%emt 0:00:07]} Rxf4 {[%emt 0:00:16]} 47. Qd7+ {[%emt 0:01:23]} Kg6 {[%emt 0:05:03]} 48. Qe6+ {[%emt 0:00:12]} Kg5 {[%emt 0:00:43]} 49. Qe5+ {[%emt 0:00:27]} Rf5 {[%emt 0:00:09]} 50. Qxe3+ {[%emt 0:00:19]} Kg6 {[%emt 0:01:02]} 51. Qe6+ {[%emt 0:01:27]} Rf6 {[%emt 0:00:13]} 52. Qxg4+ {[%emt 0:01:01]} Kf7 {[%emt 0:00:08]} 53. Qd7+ {[%emt 0:00:25]} Kg8 {[%emt 0:00:14]} 54. Kg3 {[%emt 0:00:24]} h6 {[%emt 0:00:10]} 55. Kg4 {[%emt 0:00:29]} Kf8 {[%emt 0:00:21]} 56. Kh5 {[%emt 0:00:41]} Kg8 {[%emt 0:00:27]} 57. Qe7 {[%emt 0:00:56]} Rf7 {[%emt 0:00:19]} 58. Qe6 {[%emt 0:00:28]} 1-0

[Event "VI Sunway Sitges Open 2019"]
[Site "Sitges"]
[Date "2019.12.20"]
[Round "8.8"]
[White "Gareyev, Timur"]
[Black "Erigaisi Arjun"]
[Result "1/2-1/2"]
[WhiteElo "2598"]
[BlackElo "2544"]
[Annotator "ChessBase"]
[PlyCount "116"]
[EventDate "2019.12.13"]
[EventType "swiss"]
[EventCountry "ESP"]
[SourceTitle "playchess.com"]
[Source "ChessBase"]
[SourceQuality "1"]
[TimeControl "40/5400+30:1800+30"]

1. Nf3 {[%emt 0:00:00]} Nf6 {[%emt 0:01:33]} 2. c4 {[%emt 0:00:00]} e6 {[%emt 0:00:06]} 3. b3 {[%emt 0:01:19]} d5 {[%emt 0:00:17]} 4. e3 {[%emt 0:01:00]} c5 {[%emt 0:00:37]} 5. cxd5 {[%emt 0:00:25]} exd5 {[%emt 0:00:08]} 6. Bb5+ {[%emt 0:00:04]} Nc6 {[%emt 0:00:20]} 7. O-O {[%emt 0:00:04]} Bg4 {[%emt 0:04:38]} 8. h3 {[%emt 0:00:20]} Bh5 {[%emt 0:00:07]} 9. Bb2 {[%emt 0:08:13]} Bd6 {[%emt 0:03:01]} 10. Be2 {[%emt 0:08:13]} O-O {[%emt 0:05:58]} 11. d4 {[%emt 0:00:04]} Bxf3 {[%emt 0:01:39]} 12. Bxf3 {[%emt 0:00:02]} cxd4 {[%emt 0:00:09]} 13. exd4 {[%emt 0:00:10]} Qb6 {[%emt 0:01:00]} 14. Nc3 {[%emt 0:00:21]} Qxd4 {[%emt 0:00:35]} 15. Bxd5 {[%emt 0:10:55]} Nxd5 {[%emt 0:11:41]} 16. Qxd4 {[%emt 0:00:05]} Nxd4 {[%emt 0:00:08]} 17. Nxd5 {[%emt 0:00:04]} Nc6 {[%emt 0:02:16]} 18. Rfd1 {[%emt 0:01:11]} Rfd8 {[%emt 0:04:41]} 19. Kf1 {[%emt 0:00:38]} f6 {[%emt 0:01:01]} 20. Rd3 {[%emt 0:01:10]} Be5 {[%emt 0:00:56]} 21. Bxe5 {[%emt 0:01:05]} Nxe5 {[%emt 0:00:09]} 22. Rd2 {[%emt 0:00:06]} Kf7 {[%emt 0:00:43]} 23. Rad1 {[%emt 0:00:54]} Rac8 {[%emt 0:08:26]} 24. Ke2 {[%emt 0:00:25]} Nc6 {[%emt 0:02:47]} 25. f4 {[%emt 0:01:33]} Ke6 {[%emt 0:06:09]} 26. g4 {[%emt 0:01:22]} Rd7 {[%emt 0:03:48]} 27. f5+ {[%emt 0:15:53]} Kf7 {[%emt 0:00:10]} 28. Nf4 {[%emt 0:01:12]} Re7+ {[%emt 0:00:28]} 29. Kf2 {[%emt 0:01:41]} Ne5 {[%emt 0:11:12]} 30. Ne6 {[%emt 0:05:04]} Rc3 {[%emt 0:04:15]} 31. Rd8 {[%emt 0:14:08]} Re8 {[%emt 0:00:36]} 32. Rxe8 {[%emt 0:02:04]} Kxe8 {[%emt 0:00:06]} 33. Rd8+ {[%emt 0:00:27]} Ke7 {[%emt 0:00:23]} 34. Rg8 {[%emt 0:09:05]} g6 {[%emt 0:11:41]} 35. Rg7+ {[%emt 0:00:00]} Kd6 {[%emt 0:00:07]} 36. Rxh7 {[%emt 0:00:00]} gxf5 {[%emt 0:01:32]} 37. Nd4 {[%emt 0:06:28]} Kd5 {[%emt 0:00:46]} 38. Nxf5 {[%emt 0:00:40]} Rc2+ {[%emt 0:00:10]} 39. Ke3 {[%emt 0:01:36]} Rxa2 {[%emt 0:00:51]} 40. Rxb7 {[%emt 0:00:00]} Rh2 {[%emt 0:00:00]} 41. Rb5+ {[%emt 0:13:10]} Kc6 {[%emt 0:10:29]} 42. Nd4+ {[%emt 0:00:11]} Kd6 {[%emt 0:00:12]} 43. Ke4 {[%emt 0:05:58]} Rxh3 {[%emt 0:01:18]} 44. Rd5+ {[%emt 0:01:36]} Ke7 {[%emt 0:01:35]} 45. Ra5 {[%emt 0:05:12]} Nxg4 {[%emt 0:01:26]} 46. Rxa7+ {[%emt 0:00:23]} Kd6 {[%emt 0:00:19]} 47. Ra6+ {[%emt 0:02:30]} Kd7 {[%emt 0:02:10]} 48. b4 {[%emt 0:01:05]} Nf2+ {[%emt 0:00:36]} 49. Kd5 {[%emt 0:02:47]} Rh5+ {[%emt 0:00:10]} 50. Kc4 {[%emt 0:00:04]} Ne4 {[%emt 0:00:08]} 51. Ra7+ {[%emt 0:00:35]} Kc8 {[%emt 0:00:15]} 52. Nc6 {[%emt 0:01:47]} Nd6+ {[%emt 0:00:56]} 53. Kb3 {[%emt 0:00:12]} Rh3+ {[%emt 0:02:20]} 54. Ka4 {[%emt 0:00:49]} Rc3 {[%emt 0:00:08]} 55. Ne7+ {[%emt 0:01:18]} Kd8 {[%emt 0:00:11]} 56. Nd5 {[%emt 0:00:25]} Ra3+ {[%emt 0:00:07]} 57. Kxa3 {[%emt 0:00:04]} Nb5+ {[%emt 0:00:05]} 58. Ka4 {[%emt 0:00:13]} Nxa7 {[%emt 0:00:06]} 1/2-1/2

[Event "VI Sunway Sitges Open 2019"]
[Site "Sitges"]
[Date "2019.12.20"]
[Round "8.9"]
[White "Maghsoodloo, Parham"]
[Black "Sindarov, Javokhir"]
[Result "0-1"]
[WhiteElo "2690"]
[BlackElo "2526"]
[Annotator "TA"]
[PlyCount "98"]
[EventDate "2019.12.13"]
[EventType "swiss"]
[EventCountry "ESP"]
[SourceTitle "playchess.com"]
[Source "ChessBase"]
[SourceQuality "1"]

{[%evp 9,98,32,33,-4,0,-11,13,8,15,11,16,8,10,0,11,-13,-13,-14,-3,-14,-19,-25,-20,-22,-13,-41,-25,-31,-35,-36,-10,-8,0,-27,-42,-123,-38,-102,-27,-25,-17,-50,-17,-10,-6,-6,-6,-21,62,68,115,106,247,54,38,0,0,0,0,0,0,0,0,-107,-107,-112,-89,-364,-407,-403,-400,-406,-400,-537,-537,-502,-403,-384,-384,-384,-384,-416,-391,-835,-828,-828,-828,-800,-733,-1572,-1351]} 1. d4 Nf6 2. c4 c6 3. Nc3 d5 4. e3 g6 5. Bd3 Bg7 6. Nge2 {D10: Slav Defence: 3 cxd5 (without early Nf3) and 3 Nc3} (6. Nf3 O-O 7. O-O a6 8. Qc2 Bg4 9. Ne5 Be6 10. b3 Nbd7 11. Nxd7 Qxd7 12. a4 Bf5 13. Ba3 Bxd3 14. Qxd3 Rfe8 15. a5 Rad8 16. Rfd1 Qf5 17. Qxf5 gxf5 {1-0 (82) Dubov,D (2638)-Inarkiev,E (2680) Khanty-Mansiysk 2013}) 6... O-O 7. O-O Nbd7 8. cxd5 {The position is equal.} cxd5 9. Qb3 Nb8 10. Nf4 {[%cal Rf4d5]} e6 11. Bd2 Nc6 12. Rfd1 $146 ({Predecessor:} 12. Rfc1 Bd7 13. Bf1 Re8 {1-0 (35) Giardelli,S (2430)-Fernandez Murga,R (2260) Buenos Aires 1992}) 12... b6 13. a4 Qe7 14. Bf1 Bb7 15. Be1 Rfc8 16. Rac1 Bf8 17. f3 Ne8 18. g4 Qf6 {...g5 is the strong threat.} 19. h4 Nd6 20. Bg3 Nc4 21. g5 Qd8 22. Kf2 (22. Bxc4 $15 Na5 23. Qc2 Nxc4 24. Qf2) 22... Nb4 (22... N4a5 $1 $17 {[%cal Ra5b3]} 23. Qb5 Nb4) 23. Ne4 (23. Na2 $15 Nxa2 24. Qxa2) 23... Na5 ({Don't do} 23... dxe4 24. Bxc4 Qd7 25. Bb5 $15) (23... Ba6 $17 {Threatens to win with ...Na5.} 24. Nf6+ Kh8) 24. Nf6+ $11 Qxf6 25. Qxb4 $1 Bxb4 (25... Qd8 $5 {[%cal Rf8b4]} 26. Qe1 Nb3 $15) 26. gxf6 Nb3 27. Rxc8+ Rxc8 28. Bd3 Bc6 ({Better is} 28... a5 $11) 29. Ba6 $14 Rd8 30. Nd3 Ba5 (30... Bf8 $16 {is a better defense.}) 31. Bb5 $2 ({White should try} 31. h5 $18) 31... Rc8 32. Bd6 Bxb5 33. axb5 Rc2+ 34. Kg3 Bd2 35. Bf4 h5 36. Ne5 (36. Rf1 $11) 36... Nc1 $1 $17 {[%cal Rc1e2] aiming for ...Ne2+.} 37. Kh3 Rxb2 38. Rg1 $2 {[%mdl 8192]} (38. Bg5 $17) 38... Ne2 $19 ({Worse is} 38... Rxb5 {[#]} 39. Rxg6+ $1 {[%mdl 512]} fxg6 40. f7+ Kg7 41. Bh6+ $1 {[%mdl 512]} Kxh6 42. f8=Q+ Kh7 43. Qf7+ $1 {[%mdl 512]} Kh8 44. Nxg6#) 39. Rg2 Nxf4+ 40. exf4 Bc1 41. Rxb2 Bxb2 {[%mdl 4096] Endgame KB-KN} 42. Nc6 Kf8 43. Kg3 Ke8 44. Kf2 Bc1 45. Kg3 Be3 46. f5 $2 (46. Kg2) 46... exf5 {Black is clearly winning.} 47. f4 Kd7 48. Kf3 Bd2 49. Kg3 a5 {Accuracy: White = 30%, Black = 55%.} 0-1

[Event "VI Sunway Sitges Open 2019"]
[Site "Sitges"]
[Date "2019.12.20"]
[Round "8.10"]
[White "Sasikiran, Krishnan"]
[Black "Sadhwani, Raunak"]
[Result "1/2-1/2"]
[WhiteElo "2656"]
[BlackElo "2507"]
[Annotator "TA"]
[PlyCount "125"]
[EventDate "2019.12.13"]
[EventType "swiss"]
[EventCountry "ESP"]
[SourceTitle "playchess.com"]
[Source "ChessBase"]
[SourceQuality "1"]

{[%evp 19,125,12,26,20,18,12,7,11,17,3,0,-7,0,0,0,0,8,21,19,0,0,0,25,8,20,20,39,18,23,22,22,28,25,11,22,14,14,20,20,0,2,0,0,0,197,224,233,229,228,219,210,189,216,79,110,37,147,143,147,62,143,41,58,43,70,34,29,33,42,36,35,44,62,56,69,69,74,79,68,64,65,64,101,86,187,187,178,179,275,240,233,233,212,14,25,0,192,68,63,13,14,0,0,0,8,0,8,0]} 1. e4 e5 2. Nf3 Nc6 3. Bb5 a6 4. Ba4 Nf6 5. O-O Be7 6. Re1 b5 7. Bb3 O-O 8. a4 b4 9. a5 d6 10. d3 Be6 11. Bxe6 {C88: Closed Ruy Lopez: Anti-Marshall Systems} fxe6 12. Nbd2 Qe8 13. c3 Rb8 14. Nc4 {[#]} Rb5 $146 ({Predecessor:} 14... Qg6 15. h3 Nd7 16. Be3 d5 17. Ncd2 bxc3 18. bxc3 Nc5 19. Bxc5 Bxc5 {1-0 (52) Carlsen,M (2822)-Aronian,L (2809) Saint Louis 2017}) 15. Bd2 h6 16. Rc1 bxc3 17. bxc3 Qg6 18. Ra1 Kh7 19. Qe2 Nd7 20. Be3 Rfb8 21. Qc2 Nf6 22. h3 Kh8 23. Ra2 Qe8 24. Ncd2 g5 25. d4 g4 26. hxg4 Nxg4 27. d5 exd5 (27... Nxe3 28. Rxe3 exd5 29. exd5 $17) 28. exd5 Rxd5 (28... Nxe3 29. Rxe3 Rxd5 30. Qf5 $17) 29. Qf5 Qc8 (29... Rxa5 $6 30. Rxa5 Nxe3 31. Rxe3 $16) (29... Nxe3 30. Rxe3 Qf8 31. Qd7 $15) 30. Qh5 {Hoping for Ra4.} Qe6 (30... Rxa5 $2 31. Rxa5 Nxa5 32. Bxh6 $18) 31. Ra4 Rg8 $2 {[#]} (31... Nxe3 $11 {and Black is okay.} 32. Rxe3 Rg8) 32. Rxg4 $1 $18 {[%mdl 576] Deflection} Rxg4 (32... Qxg4 33. Qxh6#) 33. Qe8+ {[%mdl 64] Double Attack} Qg8 34. Qxc6 {[%mdl 64] Double Attack} Rxg2+ 35. Kf1 $1 Rg6 36. c4 (36. Qxc7 Bd8 $16) (36. Qxa6 $18 {Ke2 is the strong threat.} Qe6 37. Ke2) 36... Rxa5 $16 37. Rb1 (37. Qxc7 $16 Bd8 38. Qb7) 37... Ra2 (37... Qc8 $14) 38. Qxc7 Qf7 39. Rb8+ (39. Rb7 $6 Qf5 $14) (39. Qb7 $16) 39... Kh7 (39... Rg8 $14) 40. Rb7 (40. Qc8 $6 Ra1+ 41. Ne1 (41. Ke2 Rg8 $11) 41... Rg8 $11) ({Better is} 40. Qb7 $1 $16) 40... Rg7 $14 41. Qc6 $1 Qg6 {White must now prevent ...Qd3+.} 42. Qe4 a5 43. Qxg6+ Kxg6 44. c5 dxc5 45. Nxe5+ Kh7 46. Rb6 Bg5 47. Ne4 {Threatens to win with Bxg5.} Re7 48. Nxg5+ hxg5 49. Ng4 c4 50. Bxg5 Ra1+ 51. Kg2 Ree1 (51... Rg7 $16 {was necessary.} 52. Nf6+ Kg6 53. Ne8+ {[%mdl 64] Discovered Attack} Kxg5 54. Nxg7 Kf4) 52. Rh6+ $18 Kg8 53. Rc6 $1 a4 (53... c3 $142 54. Rc7 (54. Rxc3 Kf7 $16) 54... Rh1 55. Nf6+ Kh8) 54. Bf6 Rab1 55. Ne5 $1 ({Much less strong is} 55. Rxc4 $6 Kf7 $16) 55... Rg1+ {[#]} 56. Kh2 $2 (56. Kh3 $1 $18 {Threatening mate with Rc8+.} Rh1+ 57. Kg4) 56... Rh1+ $11 57. Kg2 $2 (57. Kg3 $11 Rb8 58. Rxc4 (58. Nxc4 Rc1 $11)) 57... Rhg1+ $18 {[#]} 58. Kf3 ({Only move:} 58. Kh3 $1 $18 {Rc8+ would kill now.} Rh1+ 59. Kg4) 58... Rb8 $1 $14 59. Rxc4 Rf8 {The position is equal.} 60. Nd7 Ra8 61. Ne5 {aiming for Rh4.} Rf8 $1 {[%cal Rf8f6]} 62. Nd7 Ra8 63. Ne5 {Accuracy: White = 47%, Black = 48%.} 1/2-1/2